Talamanca: 500 años de desencuentro de culturas /

Guardat en:
Dades bibliogràfiques
Autor principal: Chang, Giselle
Altres autors: Guevara, Marcos
Format: Text
Etiquetes: Afegir etiqueta
Sense etiquetes, Sigues el primer a etiquetar aquest registre!

MARC

LEADER 00000 a a2200000 04500
001 1763
003
040
100 |a Chang, Giselle  
245 |a Talamanca: 500 años de desencuentro de culturas /  |c Giselle Chang  
700 |a Guevara, Marcos  
773 |g volumen 8, número 45; páginas 10-11  
999 |c 20914  |d 20914